| 000 | 00718 a2200217 4500 | ||
|---|---|---|---|
| 020 | _a0471210293 | ||
| 040 |
_aLibrary of Congress _bEnglish |
||
| 082 | 0 | 0 | _a005.8 |
| 100 | 1 | _aGalbreath, Nick, | |
| 245 | 1 | 0 |
_aCryptography for Internet and database applications : developing secret and public key techniques with Java _cNick Galbreath. |
| 260 |
_aNew York : _bJohn Wiley & Sons, _ccop. 2002. |
||
| 300 |
_a400 s. : _bill. |
||
| 500 | _a"Wiley Computer Publishing." | ||
| 500 | _aIncludes index. | ||
| 650 | 0 | _aComputer security. | |
| 650 | 0 | _aCryptography. | |
| 650 | 0 | _aDatabase security. | |
| 650 | 0 |
_aInternet _xSecurity measures. |
|
| 650 | 0 | _aJava (Computer program language) | |
| 942 |
_cBK _k005.8 GAL _2ddc |
||
| 999 |
_c6650 _d6650 |
||